دیوان حالی (Record no. 13501)
[ view plain ]
| 000 -LEADER | |
|---|---|
| fixed length control field | 00333nam a22001217a 4500 |
| 082 ## - DEWEY DECIMAL CLASSIFICATION NUMBER | |
| Classification number | 891.49 |
| Item number | ح ا ل |
| 100 ## - MAIN ENTRY--AUTHOR NAME | |
| Personal name | الطاف حسین حالی |
| 245 ## - TITLE STATEMENT | |
| Title | دیوان حالی |
| 260 ## - PUBLICATION, DISTRIBUTION, ETC. (IMPRINT) | |
| Place of publication | لاہور |
| Name of publisher | خزینہ علم و ادب |
| Year of publication | ٢٠٠١ |
| 300 ## - PHYSICAL DESCRIPTION | |
| Number of Pages | ٥٧٦ |
| 650 ## - SUBJECT ADDED ENTRY--TOPICAL TERM | |
| Topical Term | Urdu, Poetry, Altaf Hussain Hali |
| 942 ## - ADDED ENTRY ELEMENTS (KOHA) | |
| Koha item type | Books |
| Withdrawn status | Lost status | Collection code | Permanent Location | Current Location | Shelving location | Date acquired | Full call number | Accession Number | Koha item type |
|---|---|---|---|---|---|---|---|---|---|
| | | Urdu Literature | MAJU | MAJU | Shelf No.A10 | 2022-11-30 | 891.49 ح ا ل | 10600 | Urdu Literature |